[Event "2nd Indonesia Open Chess Championship ( "]
[Site "Puri Ratna Ballroom, Grand Sah"]
[Date "2012.10.11"]
[Round "1.1"]
[White "Sokolov, Ivan"]
[Black "Halay, Taufik"]
[Result "1-0"]
[WhiteElo "2690"]
[BlackElo "2366"]
[PlyCount "115"]
[EventDate "2012.10.11"]

1. d4 d5 2. c4 e6 3. Nf3 c6 4. e3 f5 5. Bd3 Nf6 6. O-O Be7 7. b3 O-O 8. Bb2 Bd7
9. Nc3 Be8 10. Ne2 Bd6 11. Nf4 Qe7 12. Qc1 Nbd7 13. a4 Ne4 14. a5 g5 15. Ne2 a6
16. Ne5 Bg6 17. f3 Nef6 18. Kh1 Qg7 19. Qc2 Qh6 20. Ba3 Bxa3 21. Rxa3 Rad8 22.
Qc3 g4 23. Bb1 gxf3 24. gxf3 Kh8 25. Ra2 Rg8 26. Nd3 Qxe3 27. Ndf4 Qxc3 28.
Nxc3 Bf7 29. Re1 Nf8 30. cxd5 cxd5 31. Na4 Nh5 32. Nd3 Nd7 33. Rc2 Rc8 34. Rec1
Rxc2 35. Rxc2 Nhf6 36. Rc7 Bh5 37. Ne1 Nb8 38. Nc5 Nc6 39. Nxe6 Re8 40. Bxf5
Bg6 41. Bh3 Nxa5 42. b4 Nc6 43. Rxb7 Nxd4 44. Nxd4 Rxe1+ 45. Kg2 Nh5 46. Kf2
Rh1 47. Ne6 Kg8 48. Ng5 Rxh2+ 49. Ke3 h6 50. Be6+ Kf8 51. Nf7 Nf6 52. Ne5 Bh5
53. Kf4 Re2 54. Kf5 Ne8 55. Nd7+ Ke7 56. Nf6+ Kd6 57. Rd7+ Kc6 58. Bxd5+ 1-0

[Event "2nd Indonesia Open Chess Championship ( "]
[Site "Puri Ratna Ballroom, Grand Sah"]
[Date "2012.10.11"]
[Round "1.2"]
[White "Sukandar, Irine Kharisma"]
[Black "Li, Chao B"]
[Result "1/2-1/2"]
[WhiteElo "2362"]
[BlackElo "2681"]
[PlyCount "120"]
[EventDate "2012.10.11"]

1. e4 c5 2. Nf3 d6 3. d4 cxd4 4. Nxd4 Nf6 5. Nc3 Bd7 6. Bg5 e6 7. Qd2 h6 8.
Bxf6 Qxf6 9. Ndb5 Bxb5 10. Bxb5+ Nc6 11. f4 a6 12. Bd3 g5 13. f5 Qd4 14. Rf1
Bg7 15. fxe6 fxe6 16. Be2 Ke7 17. Qxd4 Nxd4 18. Kd2 h5 19. h3 Be5 20. Nd1 Bf4+
21. Kd3 Nc6 22. c3 d5 23. exd5 Rad8 24. Ne3 Ne5+ 25. Ke4 Nd7 26. dxe6 Nc5+ 27.
Kf3 Be5 28. Bc4 Rd2 29. Nd5+ Kxe6 30. Ke3 Rxb2 31. Rad1 Kd7 32. Rf5 Bd6 33.
Nf6+ Kc6 34. Rxg5 Rc2 35. Ne4 Bf8 36. Bd5+ Kc7 37. Nxc5 Bxc5+ 38. Kd3 Rb2 39.
Rf1 Kb8 40. Rf7 Bf8 41. Rd7 h4 42. Rf5 Bh6 43. Rff7 Bc1 44. Rxb7+ Rxb7 45.
Rxb7+ Kc8 46. Ra7 Rh6 47. c4 Rd6 48. Ke4 Rg6 49. Kf5 Rb6 50. c5 Rb5 51. Rxa6
Rxc5 52. Rc6+ Rxc6 53. Bxc6 Ba3 54. Kg4 Be7 55. g3 hxg3 56. Kxg3 Kc7 57. Bf3
Kd7 58. Kg4 Ke6 59. a4 Kf7 60. h4 Bd8 1/2-1/2

[Event "2nd Indonesia Open Chess Championship ( "]
[Site "Puri Ratna Ballroom, Grand Sah"]
[Date "2012.10.11"]
[Round "1.3"]
[White "Tkachiev, Vladislav"]
[Black "Prayitno, Sugeng"]
[Result "1-0"]
[WhiteElo "2662"]
[BlackElo "2351"]
[PlyCount "51"]
[EventDate "2012.10.11"]

1. d4 d6 2. Nf3 g6 3. g3 Bg7 4. Bg2 e5 5. dxe5 dxe5 6. Qxd8+ Kxd8 7. Nc3 f6 8.
b3 Nh6 9. Ba3 Bf8 10. O-O-O+ Nd7 11. Bb2 Nf7 12. Bh3 c6 13. Ne4 f5 14. Nf6 Bd6
15. Nxd7 Bxd7 16. e4 Re8 17. exf5 gxf5 18. Nh4 f4 19. Nf5 Bxf5 20. Bxf5 Kc7 21.
gxf4 e4 22. Kb1 Nh6 23. Bxh7 Bxf4 24. Rd4 Ng4 25. Rf1 Rad8 26. Rxe4 1-0

[Event "2nd Indonesia Open Chess Championship ( "]
[Site "Puri Ratna Ballroom, Grand Sah"]
[Date "2012.10.11"]
[Round "1.4"]
[White "Pascua, Haridas"]
[Black "Yu, Yangyi"]
[Result "0-1"]
[WhiteElo "2350"]
[BlackElo "2651"]
[PlyCount "72"]
[EventDate "2012.10.11"]

1. d4 Nf6 2. c4 e6 3. Nc3 Bb4 4. f3 d5 5. a3 Bxc3+ 6. bxc3 c5 7. cxd5 Nxd5 8.
dxc5 f5 9. Qd3 Nd7 10. e4 fxe4 11. fxe4 N5f6 12. Qd6 Qe7 13. Qxe7+ Kxe7 14. Bg5
h6 15. Bxf6+ gxf6 16. c6 bxc6 17. Nf3 Rb8 18. Bc4 Rb2 19. O-O Nb6 20. Bd3 Rd8
21. Rfd1 Rb3 22. Rac1 c5 23. e5 f5 24. Nh4 Rd5 25. Be2 Bd7 26. c4 Rxd1+ 27.
Rxd1 Be8 28. Rd3 Rb2 29. Bf1 Nxc4 30. Rc3 Nxe5 31. Rxc5 Kd6 32. Rc8 Bd7 33. Rc1
Ra2 34. Rc3 Ra1 35. Nf3 Nxf3+ 36. Rxf3 Bb5 0-1

[Event "2nd Indonesia Open Chess Championship ( "]
[Site "Puri Ratna Ballroom, Grand Sah"]
[Date "2012.10.11"]
[Round "1.5"]
[White "Fedorchuk, Sergey A"]
[Black "Pitra, Andika"]
[Result "1/2-1/2"]
[WhiteElo "2647"]
[BlackElo "2340"]
[PlyCount "108"]
[EventDate "2012.10.11"]

1. e4 Nc6 2. Nf3 d6 3. d4 Nf6 4. Nc3 Bg4 5. Be3 e6 6. Be2 d5 7. e5 Nd7 8. O-O
Be7 9. Ne1 Bxe2 10. Nxe2 O-O 11. Nd3 Nb4 12. Ndf4 c5 13. c3 cxd4 14. Nxd4 Nc6
15. Ndxe6 fxe6 16. Nxe6 Qa5 17. b4 Qb5 18. Qg4 Rf7 19. Nc7 Ncxe5 20. Qe6 Qc6
21. Qxc6 bxc6 22. Nxa8 Bd6 23. Bxa7 Nc4 24. Bc5 Nxc5 25. bxc5 Bxc5 26. Rab1 Ra7
27. Rb8+ Kf7 28. Rc8 Ra6 29. Nc7 Ra5 30. Ra8 Ba7 31. Ra1 Nd6 32. Kf1 Ne4 33.
Ne8 Ra3 34. g3 Nxc3 35. Nd6+ Ke6 36. Nc8 Bc5 37. Rxa3 Bxa3 38. Ke1 Kd7 39. Na7
Bc5 40. Nxc6 Kxc6 41. a4 d4 42. Kd2 Kd5 43. Kd3 Ne4 44. f4 Nf2+ 45. Kd2 d3 46.
Rf1 Kc4 47. a5 Bd4 48. a6 Bc3+ 49. Kc1 Bd4 50. Kd2 Bc3+ 51. Kc1 Bd4 52. Kd2
Bc3+ 53. Ke3 Bd4+ 54. Kd2 Bc3+ 1/2-1/2

[Event "2nd Indonesia Open Chess Championship ( "]
[Site "Puri Ratna Ballroom, Grand Sah"]
[Date "2012.10.11"]
[Round "1.6"]
[White "Novita, Anjas"]
[Black "Iordachescu, Viorel"]
[Result "0-1"]
[WhiteElo "2339"]
[BlackElo "2637"]
[PlyCount "92"]
[EventDate "2012.10.11"]

1. e4 e5 2. Nf3 Nc6 3. Bb5 a6 4. Ba4 Nf6 5. O-O Be7 6. Re1 b5 7. Bb3 O-O 8. h3
Bb7 9. c3 d5 10. exd5 Nxd5 11. d4 exd4 12. Nxd4 Nxd4 13. Qxd4 Re8 14. Rd1 c5
15. Qe4 Bf6 16. Qg4 Qc7 17. Bxd5 Bxd5 18. Be3 Re4 19. Qe2 Qc6 20. Nd2 Re5 21.
Nf3 Rf5 22. Ne1 Re8 23. Qd3 g6 24. Rd2 h5 25. Qc2 Rxe3 26. fxe3 Bg5 27. Re2 Be4
28. Qd2 Rd5 29. Qc1 Qd6 30. c4 Rf5 31. cxb5 axb5 32. a4 Qf6 33. Nc2 b4 34. a5
Qa6 35. Rf2 Rxf2 36. Kxf2 Bh4+ 37. Kg1 Qe2 38. Qf1 Qxc2 39. a6 Qd2 40. a7 Qxe3+
41. Kh2 Ba8 42. Rd1 Bg3+ 43. Kh1 Bc7 44. Qd3 Qe5 45. Kg1 Qh2+ 46. Kf1 Qxg2+ 0-1

[Event "2nd Indonesia Open Chess Championship ( "]
[Site "Puri Ratna Ballroom, Grand Sah"]
[Date "2012.10.11"]
[Round "1.8"]
[White "Farid, Firman Syah"]
[Black "Nguyen, Ngoc Truong Son"]
[Result "1/2-1/2"]
[WhiteElo "2326"]
[BlackElo "2635"]
[PlyCount "112"]
[EventDate "2012.10.11"]

1. e4 e6 2. d4 d5 3. Nc3 Nc6 4. Nf3 Nf6 5. Bg5 Be7 6. exd5 exd5 7. Be2 h6 8.
Bh4 Be6 9. O-O O-O 10. Ne5 Ne4 11. Bxe7 Qxe7 12. Nxc6 bxc6 13. Na4 c5 14. f3
Bd7 15. fxe4 Bxa4 16. exd5 Qe3+ 17. Kh1 Rae8 18. Bc4 cxd4 19. Rf3 Qe4 20. b3
Bd7 21. Qd2 c5 22. dxc6 Be6 23. Rf4 Qxc6 24. Qxd4 Bxc4 25. Qxc4 Qg6 26. Rg4 Qe6
27. h3 f5 28. Rd4 Qxc4 29. Rxc4 Re2 30. Rf1 Rf6 31. Kg1 Rd6 32. Rxf5 Rdd2 33.
Rg4 Rxc2 34. a4 Re7 35. h4 Rb7 36. b4 Rb2 37. b5 Kh7 38. h5 Re7 39. Kh2 Ra2 40.
Kh3 Ra3+ 41. Rf3 Ra1 42. Kg3 Rd7 43. Kh2 Ra2 44. Rf5 Re7 45. Kh3 Ra3+ 46. Rf3
Ra2 47. Rc3 Rf7 48. Rc8 Ra3+ 49. Kh2 Ra2 50. Kh3 Ra3+ 51. Kh2 Ra2 52. Rb8 Re7
53. Kh3 Ra3+ 54. Kh4 Ra2 55. Kh3 Ra3+ 56. Kh2 Ra2 1/2-1/2

[Event "2nd Indonesia Open Chess Championship ( "]
[Site "Puri Ratna Ballroom, Grand Sah"]
[Date "2012.10.11"]
[Round "1.9"]
[White "Ganguly, Surya Shekhar"]
[Black "Tirto"]
[Result "1-0"]
[WhiteElo "2610"]
[BlackElo "2322"]
[PlyCount "81"]
[EventDate "2012.10.11"]

1. d4 Nf6 2. c4 e6 3. g3 Bb4+ 4. Bd2 Bxd2+ 5. Qxd2 d5 6. Nf3 O-O 7. Bg2 c6 8.
O-O b6 9. Rc1 Bb7 10. Nc3 Nbd7 11. Ne5 Nxe5 12. dxe5 Nd7 13. f4 f6 14. cxd5
exd5 15. e6 Nc5 16. f5 g6 17. e4 Nxe4 18. Nxe4 dxe4 19. Qxd8 Rfxd8 20. fxg6
hxg6 21. Bxe4 f5 22. Bxc6 Bxc6 23. Rxc6 Kg7 24. Rac1 Rd4 25. Rc7+ Kf6 26. R1c6
Re8 27. Rf7+ Ke5 28. e7 g5 29. Rg6 Re4 30. Kf2 g4 31. Rg5 Rb4 32. Rgxf5+ Ke6
33. R5f6+ Kd7 34. Rf4 Rxb2+ 35. Kg1 Re2 36. a4 Rh8 37. h4 Re8 38. h5 b5 39. h6
b4 40. h7 b3 41. Rf8 1-0

[Event "2nd Indonesia Open Chess Championship ( "]
[Site "Puri Ratna Ballroom, Grand Sah"]
[Date "2012.10.11"]
[Round "1.10"]
[White "Medina, Warda Aulia"]
[Black "Ehlvest, Jaan"]
[Result "0-1"]
[WhiteElo "2311"]
[BlackElo "2607"]
[PlyCount "78"]
[EventDate "2012.10.11"]

1. e4 c5 2. Nf3 e6 3. d4 cxd4 4. Nxd4 Nf6 5. Nc3 d6 6. Be2 Nc6 7. Be3 Be7 8.
O-O Bd7 9. Ndb5 Qb8 10. a4 O-O 11. Qd2 Rd8 12. f4 Be8 13. Bf3 a6 14. Na3 d5 15.
exd5 Nb4 16. Qf2 exd5 17. Rad1 Bc6 18. Bc5 Bxc5 19. Qxc5 a5 20. Qd4 Qc7 21. Rd2
Ne4 22. Re2 Rac8 23. Ncb5 Qb8 24. c3 Na6 25. Na7 Rc7 26. Nxc6 Rxc6 27. c4 Nb4
28. cxd5 Nf6 29. Re5 Rcc8 30. Rf5 Qc7 31. Nb5 Qc2 32. Rg5 h6 33. Rg3 Kf8 34. d6
Qxa4 35. Na7 Rb8 36. Rd1 Qc2 37. Bg4 Qe4 38. Qb6 Nxg4 39. d7 Rxd7 0-1

[Event "2nd Indonesia Open Chess Championship ( "]
[Site "Puri Ratna Ballroom, Grand Sah"]
[Date "2012.10.11"]
[Round "1.11"]
[White "Bocharov, Dmitry"]
[Black "Kasmiran"]
[Result "1-0"]
[WhiteElo "2603"]
[BlackElo "2310"]
[PlyCount "63"]
[EventDate "2012.10.11"]

1. d4 Nf6 2. c4 g6 3. g3 Bg7 4. Bg2 O-O 5. Nc3 d6 6. Nf3 Nbd7 7. O-O e5 8. e4
c6 9. h3 exd4 10. Nxd4 Qb6 11. Nde2 Ne8 12. b3 Nc5 13. Be3 Qa5 14. Qd2 f5 15.
exf5 Bxf5 16. Nd4 Rd8 17. Rfe1 Nc7 18. Nxf5 gxf5 19. Rac1 N5e6 20. f4 Rfe8 21.
Bf2 d5 22. Nb1 Qxd2 23. Nxd2 dxc4 24. Nxc4 Nb5 25. Na5 Bc3 26. Nxb7 Bxe1 27.
Bxe1 Rb8 28. Bxc6 Re7 29. Bxb5 Rexb7 30. Bc4 Kf7 31. g4 fxg4 32. hxg4 1-0

[Event "2nd Indonesia Open Chess Championship ( "]
[Site "Puri Ratna Ballroom, Grand Sah"]
[Date "2012.10.11"]
[Round "1.12"]
[White "Khairul, Anam"]
[Black "Korneev, Oleg"]
[Result "0-1"]
[WhiteElo "2308"]
[BlackElo "2591"]
[PlyCount "97"]
[EventDate "2012.10.11"]

1. d4 d5 2. c4 c6 3. Nf3 Nf6 4. Nc3 e6 5. Bg5 Nbd7 6. e3 Qa5 7. Nd2 dxc4 8.
Bxf6 Nxf6 9. Nxc4 Qc7 10. Be2 Be7 11. O-O O-O 12. Rc1 Rd8 13. Qc2 Bd7 14. Ne5
Be8 15. Bd3 Rac8 16. Ne4 Nd5 17. a3 a5 18. Nc3 g6 19. Nxd5 exd5 20. f4 f6 21.
Nf3 Bf7 22. f5 g5 23. Qf2 Bd6 24. g3 Re8 25. Rfe1 Qb6 26. Kg2 h6 27. h4 g4 28.
Nh2 h5 29. Nf1 c5 30. Bb1 Rc7 31. Red1 Rce7 32. Rd2 a4 33. e4 cxd4 34. Qxd4
Qxd4 35. Rxd4 b6 36. Bd3 Bc5 37. Rxa4 dxe4 38. Be2 Bb3 39. Ra6 Re5 40. Rc3 Bf7
41. Ne3 Bd4 42. Ra4 Bxc3 43. bxc3 Rc8 44. c4 Ra5 45. Rxa5 bxa5 46. Kf2 Kf8 47.
Ke1 Ke8 48. Kd2 Kd7 49. Kc3 0-1

[Event "2nd Indonesia Open Chess Championship ( "]
[Site "Puri Ratna Ballroom, Grand Sah"]
[Date "2012.10.11"]
[Round "1.13"]
[White "Gagunashvili, Merab"]
[Black "Laksana, Agusta"]
[Result "1-0"]
[WhiteElo "2584"]
[BlackElo "2305"]
[PlyCount "75"]
[EventDate "2012.10.11"]

1. e4 c5 2. Nf3 e6 3. d4 cxd4 4. Nxd4 a6 5. Bd3 Nf6 6. O-O Qc7 7. Qe2 Nc6 8.
Nxc6 dxc6 9. e5 Nd7 10. Bf4 g6 11. Nd2 Bg7 12. Nc4 O-O 13. Rfe1 Nc5 14. Rad1 a5
15. Qe3 b6 16. Nd6 Nxd3 17. Rxd3 Ba6 18. Rb3 Rfb8 19. Bh6 Bh8 20. Qf4 Ra7 21.
Bg5 c5 22. Rh3 h5 23. Bf6 Rd8 24. Bxh8 Kxh8 25. Qh6+ Kg8 26. Rxh5 gxh5 27. Re3
Be2 28. Rg3+ Bg4 29. h3 Rxd6 30. exd6 Qxd6 31. Qxh5 f5 32. Qe8+ Kg7 33. hxg4 f4
34. Rh3 Qe7 35. Qh8+ Kg6 36. Qh6+ Kf7 37. Qxf4+ Kg8 38. Qb8+ 1-0

[Event "2nd Indonesia Open Chess Championship ( "]
[Site "Puri Ratna Ballroom, Grand Sah"]
[Date "2012.10.11"]
[Round "1.14"]
[White "Surya, Wahyudi"]
[Black "Barbosa, Oliver"]
[Result "0-1"]
[WhiteElo "2293"]
[BlackElo "2575"]
[PlyCount "150"]
[EventDate "2012.10.11"]

1. d4 d5 2. c4 c6 3. Nc3 Nf6 4. e3 a6 5. Nf3 g6 6. Bd3 Bg7 7. h3 O-O 8. e4 dxe4
9. Nxe4 Nxe4 10. Bxe4 Bf5 11. Bxf5 Qa5+ 12. Qd2 Qxf5 13. O-O c5 14. d5 b5 15.
Qe2 bxc4 16. Qxc4 Nd7 17. Rd1 Rfb8 18. Qe2 Ne5 19. Nh4 Qf6 20. f4 Qxh4 21. fxe5
Rb4 22. d6 exd6 23. exd6 Rd8 24. d7 Bd4+ 25. Kh1 Kg7 26. Qxa6 Rxd7 27. Qd3 Rd6
28. Bd2 Rxb2 29. Bc3 Rb8 30. Qc4 Kg8 31. a4 Qf6 32. a5 Ra8 33. Bxd4 cxd4 34.
Rd3 Raa6 35. Qb5 Qe6 36. Rad1 Rd5 37. Qb8+ Kg7 38. Rxd4 Rxd4 39. Rxd4 Rxa5 40.
Rd1 Qe5 41. Qb3 Ra1 42. Rxa1 Qxa1+ 43. Kh2 h5 44. h4 Qe5+ 45. g3 Qe2+ 46. Kg1
Qd2 47. Qf3 Kf8 48. Qf6 Qe1+ 49. Kh2 Qe2+ 50. Kg1 Ke8 51. Qc6+ Ke7 52. Qc7+ Kf6
53. Qd8+ Kf5 54. Qg5+ Ke6 55. Qc5 Qf3 56. Kh2 Qf1 57. Qe3+ Kd5 58. Qe7 Qf2+ 59.
Kh3 Kc4 60. Qc7+ Kd3 61. Qd7+ Kc3 62. Qc7+ Kd2 63. Qa5+ Kd1 64. Qd5+ Ke2 65.
Qe4+ Qe3 66. Qg2+ Ke1 67. Qh1+ Kd2 68. Qd5+ Qd3 69. Qxf7 Qf5+ 70. Qxf5 gxf5 71.
Kh2 Ke3 72. Kg2 Ke2 73. Kh3 Kf3 74. Kh2 Kf2 75. Kh3 Kg1 0-1

[Event "2nd Indonesia Open Chess Championship ( "]
[Site "Puri Ratna Ballroom, Grand Sah"]
[Date "2012.10.11"]
[Round "1.15"]
[White "Grigoryan, Avetik"]
[Black "Mahmud, Syarif"]
[Result "1-0"]
[WhiteElo "2572"]
[BlackElo "2291"]
[PlyCount "75"]
[EventDate "2012.10.11"]

1. d4 Nf6 2. c4 c5 3. Nf3 g6 4. Nc3 Bg7 5. d5 d6 6. h3 O-O 7. e4 b5 8. cxb5 a6
9. a4 axb5 10. Bxb5 Ba6 11. Bg5 Qc7 12. O-O Nbd7 13. Qe2 Qa7 14. Rfe1 Bxb5 15.
Nxb5 Qb7 16. b3 Rfc8 17. Rab1 Qa6 18. Nd2 h6 19. Bf4 Ne8 20. Nc4 Nb6 21. Nxb6
Qxb6 22. e5 c4 23. bxc4 Qa6 24. Rb4 g5 25. Bg3 Qb6 26. Qd2 Qc5 27. Nd4 dxe5 28.
Bxe5 Bxe5 29. Rxe5 Nd6 30. Nf5 Nxf5 31. Rxf5 Rab8 32. Rxg5+ hxg5 33. Qxg5+ Kf8
34. Qh4 f6 35. Rxb8 Rxb8 36. Qh8+ Kf7 37. Qxb8 Qxc4 38. a5 1-0

[Event "2nd Indonesia Open Chess Championship ( "]
[Site "Puri Ratna Ballroom, Grand Sah"]
[Date "2012.10.11"]
[Round "1.16"]
[White "Jafar, Sofyan"]
[Black "Ghaem Maghami, Ehsan"]
[Result "1/2-1/2"]
[WhiteElo "2286"]
[BlackElo "2557"]
[PlyCount "162"]
[EventDate "2012.10.11"]

1. d4 Nf6 2. Nf3 c5 3. c4 cxd4 4. Nxd4 b6 5. Nc3 Bb7 6. f3 e6 7. e4 d6 8. Be3
Be7 9. Qd2 a6 10. Be2 O-O 11. O-O Nbd7 12. Rfd1 Rc8 13. Rac1 Qc7 14. Kh1 Qb8
15. Bg1 Kh8 16. b4 Rg8 17. Nc2 g5 18. Ne3 h5 19. Bd3 Rg7 20. a3 Ne5 21. Na4 g4
22. fxg4 Nxd3 23. Qxd3 Bxe4 24. Qe2 Nxg4 25. Rd4 Nf6 26. Rf1 Qb7 27. Nc3 Rcg8
28. Nxe4 Nxe4 29. Nd5 f5 30. Rxf5 exf5 31. Rxe4 Bf8 32. Rh4 Rh7 33. Nf6 Qe7 34.
Qd2 Bg7 35. Nxh7 Qxh4 36. Ng5 Be5 37. Nf7+ Kh7 38. Nxe5 dxe5 39. Qd7+ Kh8 40.
Qxf5 Qg5 41. Qf3 b5 42. c5 Qg4 43. Qd5 Kh7 44. h3 Qg6 45. Be3 e4 46. g3 Rf8 47.
Bf4 Qf5 48. Qd6 Rf6 49. Qd7+ Rf7 50. Qd6 h4 51. Qh6+ Kg8 52. Qxh4 e3 53. Qd8+
Rf8 54. Qe7 Qd5+ 55. Kg1 Qd1+ 56. Kg2 Qe2+ 57. Kh1 Qf3+ 58. Kg1 Qf2+ 59. Kh1
Qf3+ 60. Kh2 Qf2+ 61. Kh1 Qe1+ 62. Kh2 Qd2+ 63. Kh1 Qd5+ 64. Kg1 Qd1+ 65. Kh2
Qe2+ 66. Kh1 Qf3+ 67. Kh2 Qf2+ 68. Kh1 Rxf4 69. Qg5+ Kf7 70. gxf4 Qf3+ 71. Kg1
Qf2+ 72. Kh1 Qf3+ 73. Kg1 Qd1+ 74. Kh2 e2 75. Qf5+ Ke7 76. Qe5+ Kd7 77. Qf5+
Ke8 78. Qe6+ Kd8 79. Qf6+ Kd7 80. Qf7+ Kd8 81. Qf8+ Kc7 1/2-1/2

[Event "2nd Indonesia Open Chess Championship ( "]
[Site "Puri Ratna Ballroom, Grand Sah"]
[Date "2012.10.11"]
[Round "1.18"]
[White "Situru, Muhammad Ivan"]
[Black "Paragua, Mark"]
[Result "0-1"]
[WhiteElo "2284"]
[BlackElo "2540"]
[PlyCount "126"]
[EventDate "2012.10.11"]

1. e4 c6 2. d4 d5 3. Nd2 dxe4 4. Nxe4 Bf5 5. Ng3 Bg6 6. h4 h6 7. Nf3 Nd7 8. h5
Bh7 9. Bd3 Bxd3 10. Qxd3 e6 11. Bd2 Ngf6 12. O-O-O Be7 13. Ne4 O-O 14. Kb1 Nxe4
15. Qxe4 Nf6 16. Qe2 Qd5 17. Ne5 b5 18. g4 Ne4 19. Bc1 b4 20. Rhe1 Nd6 21. f4
Kh8 22. g5 Rac8 23. Rg1 Nf5 24. g6 f6 25. Nf7+ Kg8 26. Rge1 Rxf7 27. gxf7+ Kxf7
28. Qg4 Rd8 29. Rd2 a5 30. Qg6+ Kg8 31. b3 a4 32. Rd3 axb3 33. axb3 Ra8 34. Bb2
Bd6 35. Qg4 Bc7 36. Rdd1 Rd8 37. Rg1 Rd7 38. Rde1 Bb6 39. Rd1 Rf7 40. Rge1 Re7
41. Qg1 Nd6 42. Qh1 Qxh1 43. Rxh1 Nf5 44. Rh3 Rd7 45. c3 c5 46. Rhd3 cxd4 47.
cxd4 Rd5 48. Rc1 Ne7 49. Rc4 Rxh5 50. Rxb4 Nd5 51. Rc4 Nxf4 52. Rd1 Rb5 53. Kc2
Nd5 54. Re1 Kf7 55. Bc3 g5 56. b4 g4 57. Kb3 Nxc3 58. Rxc3 h5 59. Rc6 Bxd4 60.
Rc7+ Kg6 61. Rxe6 Re5 62. Rec6 g3 63. Rc2 Bf2 0-1

[Event "2nd Indonesia Open Chess Championship ( "]
[Site "Puri Ratna Ballroom, Grand Sah"]
[Date "2012.10.11"]
[Round "1.19"]
[White "Chatalbashev, Boris"]
[Black "Sonjaya, Deni"]
[Result "1-0"]
[WhiteElo "2535"]
[BlackElo "2284"]
[PlyCount "102"]
[EventDate "2012.10.11"]

1. d4 f5 2. g3 Nf6 3. Bg2 g6 4. Nh3 Bg7 5. Nf4 c6 6. h4 d6 7. Nc3 e5 8. dxe5
dxe5 9. Qxd8+ Kxd8 10. Nd3 Nbd7 11. e4 Kc7 12. exf5 gxf5 13. Bh3 Nb6 14. Nxe5
Re8 15. f4 Nfd7 16. O-O Nxe5 17. fxe5 Bxe5 18. Bxf5 Bxg3 19. Bxh7 Re7 20. Bg6
Rg7 21. h5 Bg4 22. Bh6 Rgg8 23. Rf7+ Nd7 24. Ne4 Be5 25. Kf2 Rh8 26. Bg7 Bxg7
27. Rxg7 Raf8+ 28. Kg3 Bxh5 29. Bxh5 Rxh5 30. Rd1 Rd5 31. Rxd5 cxd5 32. Nc5 Kd6
33. Nxd7 Rc8 34. Nf6 Rxc2 35. Rxb7 Ke5 36. Ng4+ Ke4 37. Nf2+ Kd4 38. Nd1 Rd2
39. Nc3 Ke3 40. Rxa7 d4 41. Re7+ Kd3 42. Na4 Kc4 43. Kf3 Rh2 44. Rc7+ Kd3 45.
Nc5+ Kc2 46. b4 d3 47. b5 d2 48. Ne4+ Kb2 49. Nxd2 Rh3+ 50. Ke2 Rh2+ 51. Kd3
Kxa2 1-0

[Event "2nd Indonesia Open Chess Championship ( "]
[Site "Puri Ratna Ballroom, Grand Sah"]
[Date "2012.10.11"]
[Round "1.20"]
[White "Gunawan, Johan"]
[Black "Megaranto, Susanto"]
[Result "0-1"]
[WhiteElo "2276"]
[BlackElo "2532"]
[PlyCount "74"]
[EventDate "2012.10.11"]

1. d4 Nf6 2. Nf3 b6 3. Bf4 Bb7 4. e3 g6 5. h3 Bg7 6. Nbd2 O-O 7. Bc4 c5 8. c3
d6 9. O-O Nbd7 10. Re1 a6 11. a4 d5 12. Ba2 b5 13. Ne5 c4 14. Bb1 Nb6 15. Bc2
Ne4 16. f3 Nxd2 17. Qxd2 f6 18. Ng4 Nxa4 19. Bxa4 bxa4 20. Bh6 Bc6 21. e4 Ra7
22. Bxg7 Kxg7 23. Qh6+ Kg8 24. h4 dxe4 25. fxe4 Qe8 26. d5 Bd7 27. Ne3 Rb7 28.
e5 fxe5 29. Nxc4 Bf5 30. Nxe5 Qb5 31. Nc6 e6 32. Rad1 Qc5+ 33. Kh1 Rxb2 34. Nd4
Qxd5 35. Nf3 Qb7 36. Rd4 Bh3 37. Rd2 Bxg2+ 0-1

[Event "2nd Indonesia Open Chess Championship ( "]
[Site "Puri Ratna Ballroom, Grand Sah"]
[Date "2012.10.11"]
[Round "1.22"]
[White "Sihite, Chelsie Monica"]
[Black "Xiu, Deshun"]
[Result "0-1"]
[WhiteElo "2254"]
[BlackElo "2525"]
[PlyCount "84"]
[EventDate "2012.10.11"]

1. e4 c5 2. Nf3 d6 3. d4 cxd4 4. Nxd4 Nf6 5. Nc3 Nc6 6. Bg5 e6 7. Qd2 a6 8.
O-O-O Be7 9. f4 Nxd4 10. Qxd4 b5 11. Bxf6 gxf6 12. Bd3 Qc7 13. Qe3 Qc5 14. Qg3
Bb7 15. Rhe1 O-O-O 16. Qh3 Rdg8 17. f5 Qe5 18. a4 Bc6 19. g3 bxa4 20. Nd5 Kd8
21. Bc4 a3 22. c3 Bxd5 23. exd5 Qxf5 24. Qxf5 exf5 25. bxa3 f4 26. gxf4 Bf8 27.
Kc2 Bh6 28. Bxa6 Bxf4 29. Rb1 Be5 30. Rb8+ Ke7 31. Rb7+ Kf8 32. Rb8+ Ke7 33.
Rb7+ Kf8 34. Be2 Rg2 35. Kd3 Kg7 36. Bf3 Rxh2 37. Rg1+ Kh6 38. a4 Rc8 39. c4
Rh4 40. Rg4 Rh3 41. Ke2 f5 42. Rg2 Rxc4 0-1

[Event "2nd Indonesia Open Chess Championship ( "]
[Site "Puri Ratna Ballroom, Grand Sah"]
[Date "2012.10.11"]
[Round "1.23"]
[White "Dao, Thien Hai"]
[Black "Supriyono, Eko"]
[Result "1-0"]
[WhiteElo "2523"]
[BlackElo "2253"]
[PlyCount "97"]
[EventDate "2012.10.11"]

1. d4 d5 2. c4 c6 3. Nf3 e6 4. Qc2 Nd7 5. Bg5 Bb4+ 6. Nbd2 Be7 7. Bf4 Ngf6 8.
e3 Nf8 9. Bd3 Ng6 10. Bg3 Bd6 11. O-O O-O 12. Rac1 Nh5 13. Bxd6 Qxd6 14. Bxg6
fxg6 15. Ne5 Bd7 16. b4 Be8 17. Qb3 Rd8 18. a4 a6 19. Rc2 Nf6 20. Rb1 Qe7 21.
Qc3 Ra8 22. h3 g5 23. b5 axb5 24. axb5 h5 25. bxc6 bxc6 26. Rcb2 g4 27. Rb7 Qd8
28. hxg4 hxg4 29. g3 Nh5 30. Qc2 Qg5 31. Kg2 Ra3 32. R7b3 Ra7 33. c5 Qf6 34.
Rf1 Ra1 35. Rbb1 Ra3 36. Rb3 Ra1 37. Nb1 Qg5 38. Qb2 Ra7 39. Nc3 Bg6 40. Rb8
Ra8 41. Rxa8 Rxa8 42. Qb7 Ra3 43. Rc1 Nxg3 44. Nxg6 Nf5 45. Qc8+ Kh7 46. Nf8+
Kh6 47. Qxe6+ g6 48. Rh1+ Kg7 49. Rh7+ 1-0

[Event "2nd Indonesia Open Chess Championship ( "]
[Site "Puri Ratna Ballroom, Grand Sah"]
[Date "2012.10.11"]
[Round "1.24"]
[White "Bai, Jinshi"]
[Black "Gomez, John Paul"]
[Result "1/2-1/2"]
[WhiteElo "2252"]
[BlackElo "2523"]
[PlyCount "97"]
[EventDate "2012.10.11"]

1. d4 e6 2. c4 Nf6 3. Nc3 Bb4 4. f3 d5 5. a3 Bxc3+ 6. bxc3 c5 7. cxd5 exd5 8.
e3 Bf5 9. Ne2 Nc6 10. Ng3 Bg6 11. Bd3 Qa5 12. Bxg6 hxg6 13. Bd2 O-O-O 14. O-O
Qa6 15. Qc2 Nh5 16. Be1 Qc4 17. Qd2 Nf6 18. Bf2 Kb8 19. a4 Na5 20. Rfb1 Rd7 21.
Qb2 Rc8 22. Nf1 Ka8 23. Nd2 Qd3 24. Ra3 cxd4 25. cxd4 Qc2 26. Bg3 Qxb2 27. Rxb2
Rc1+ 28. Kf2 Nh5 29. Raa2 Nxg3 30. Kxg3 Rc3 31. Rc2 Rdc7 32. Rxc3 Rxc3 33. Kf4
g5+ 34. Kxg5 Rxe3 35. Nf1 Re6 36. Ng3 Rg6+ 37. Kf4 Rf6+ 38. Kg5 Rg6+ 39. Kf4
Rh6 40. Re2 a6 41. Nf5 Rf6 42. Kg5 Nc6 43. g4 Rg6+ 44. Kf4 Ka7 45. h4 Rf6 46.
Kg5 Rg6+ 47. Kf4 Rf6 48. Kg5 Rg6+ 49. Kf4 1/2-1/2

[Event "2nd Indonesia Open Chess Championship ( "]
[Site "Puri Ratna Ballroom, Grand Sah"]
[Date "2012.10.11"]
[Round "1.25"]
[White "Nguyen, Van Huy"]
[Black "Sutarno"]
[Result "1-0"]
[WhiteElo "2517"]
[BlackElo "2252"]
[PlyCount "51"]
[EventDate "2012.10.11"]

1. d4 Nf6 2. Nf3 c5 3. d5 d6 4. Nc3 e5 5. e4 Be7 6. Be2 Nbd7 7. O-O O-O 8. a4
a6 9. Nd2 Ne8 10. Nc4 Rb8 11. a5 g6 12. Bh6 Ng7 13. f4 f6 14. f5 gxf5 15. exf5
Kh8 16. Ne4 Qc7 17. Bh5 b5 18. Ra3 Bb7 19. Rh3 Rg8 20. Ne3 Nxh5 21. Qxh5 Rbf8
22. Bxf8 Nxf8 23. Qh6 Qd8 24. Rff3 Qxa5 25. Nxf6 Rg7 26. Rfg3 1-0

[Event "2nd Indonesia Open Chess Championship ( "]
[Site "Puri Ratna Ballroom, Grand Sah"]
[Date "2012.10.11"]
[Round "1.26"]
[White "Suradiradja, Herman"]
[Black "Dzhumaev, Marat"]
[Result "0-1"]
[WhiteElo "2238"]
[BlackElo "2516"]
[PlyCount "95"]
[EventDate "2012.10.11"]

1. e4 e6 2. d4 d5 3. Nd2 Nf6 4. e5 Nfd7 5. f4 c5 6. c3 Nc6 7. Ndf3 cxd4 8. cxd4
a5 9. Bd3 a4 10. a3 Nb6 11. Ne2 Be7 12. O-O Bd7 13. Nc3 Na5 14. Nd2 Nbc4 15.
Nxc4 Nxc4 16. f5 Qb6 17. Bxc4 dxc4 18. Kh1 exf5 19. Nd5 Qd8 20. Nxe7 Qxe7 21.
d5 O-O 22. Qd4 Rfd8 23. Bd2 Bc6 24. Bb4 Qe6 25. dxe6 Rxd4 26. exf7+ Kxf7 27.
Rxf5+ Ke6 28. Raf1 Rg4 29. R5f2 Rd8 30. Bd6 Rd7 31. h3 Rg3 32. Kh2 Rb3 33. Rc1
b5 34. Rc3 Be4 35. Kg3 Bd3 36. Kh4 Rxd6 37. exd6 Kxd6 38. Rc1 Kc5 39. Kg5 Kd4
40. Kf4 c3 41. bxc3+ Rxc3 42. Rxc3 Kxc3 43. Ke5 g5 44. Kd6 b4 45. axb4 Kxb4 46.
Ke5 a3 47. Kf6 g4 48. hxg4 0-1